| 000 | 02161cam a22004574i 4500 | ||
|---|---|---|---|
| 003 | PE-LiUPU | ||
| 005 | 20250731172946.0 | ||
| 008 | 150616s r 000 0 d | ||
| 035 | _a(Sirsi) a2119 | ||
| 040 |
_aPE-LiUPU _bspa _cPE-LiUPU _erda |
||
| 049 | _aPRUA | ||
| 082 | 0 | 4 |
_a248.83 _bM31 _221 |
| 100 | 1 |
_aMaxwell, Arthur S., _eautor. |
|
| 245 | 1 | 0 |
_aUncle Arthur's storytime three / _cArthur S. Maxwell. |
| 264 | 1 |
_aWashington : _bReview and Herald Publishing Association, _c1972. |
|
| 300 |
_a125 páginas : _bilustraciones ; _c22 cm |
||
| 336 |
_atext _2rdacontent |
||
| 337 |
_aunmediated _2rdamedia |
||
| 338 |
_avolume _2rdacarrier |
||
| 490 | 0 | _aPenguin series | |
| 505 | 0 | _aFrom me to you -- Kevin and the crabs -- Joe's chridstmas gift -- Lost offering -- Lynn's sacrifice -- The boys from hawick -- Why bunty won -- Girl on the train -- Gordon the glass-breaker -- Billy's bugle -- That's our house! -- Saying thanks to mother -- Daw and the desks -- Cyril and the cream can -- Little brother lost -- Rags on the razzle-dazzle -- The very last box -- Still waving -- Bright-red tile -- Grandma'as last christmas -- Slowpoke Sandy -- Fish on fire -- Honest Beggar boy -- Lake that never dries upáginas -Scarlet birds -- Sabbath oranges -- Up the down drain -- Boat full of holes -- Just like heaven -- Deer that meets the boat -- How kawaku got "Pushed" to the topáginas -Not that sorry. | |
| 526 | _aSEG42 | ||
| 526 | _aSEG41 | ||
| 526 | _aSEG40 | ||
| 526 | _aSEG39 | ||
| 526 | _aP94 | ||
| 526 | _aP87 | ||
| 526 | _aP86 | ||
| 526 | _aP85 | ||
| 526 | _aP77 | ||
| 526 | _aP76 | ||
| 526 | _aP35 | ||
| 650 | 0 | 4 | _aCuentos Infantiles. |
| 910 |
_ajck _bjvq _cjck |
||
| 942 |
_2ddc _cBOOK |
||
| 949 |
_a248.83 M31 _wDEWEY _c1 _i34837 _lCCODEBUL1 _mBUL _p00.00 _r0 _sY _tBOOK _u19931005 _xTEOLOGIA _zUNKNOWN _0COMPRA _o.STAFF. Colección General |
||
| 994 |
_aC0 _bPEPRU |
||
| 596 | _a1 | ||
| 999 |
_a248.83 M31 _wDEWEY _c21622 _i34837 _f2021-11-12 _g5 _lCCODEBUL1 _mBUL _r0 _sY _tBOOK _u2015-6-16 _xTEOLOGIA _zUNKNOWN _0COMPRA _o.STAFF. Colección General _d21622 |
||
| 980 |
_81 _gALBERTO SANCHEZ Responsable de Automatización |
||